MAASAI MARA UNIVERSITY

LIBRARY CATALOGUE

Contact Us: +254 020 2685356/7 or 0774 057787

Box: 861-20500, NAROK, KENYA

Email: info@mmarau.ac.ke

Cavusgil S Tamer (Record no. 5051)

MARC details
000 -LEADER
fixed length control field 00440nam a2200145Ia 4500
008 - FIXED-LENGTH DATA ELEMENTS--GENERAL INFORMATION
fixed length control field 151015s9999 xx 000 0 und d
020 ## - INTERNATIONAL STANDARD BOOK NUMBER
International Standard Book Number 9.7801317386e+012
050 ## - LIBRARY OF CONGRESS CALL NUMBER
Classification number HF5635.F95 1997
245 ## - TITLE STATEMENT
Title Cavusgil S Tamer
250 ## - EDITION STATEMENT
Edition statement _International business strategy,management,and the new realities.
300 ## - PHYSICAL DESCRIPTION
Extent USA pearson 2008
500 ## - GENERAL NOTE
General note Includes index
650 ## - SUBJECT ADDED ENTRY--TOPICAL TERM
Topical term or geographic name as entry element _International business
700 ## - ADDED ENTRY--PERSONAL NAME
Personal name ^d20130531 11:59:37^oanne

No items available.

© 2016 Maasai Mara University.